<?xml version="1.0" encoding="UTF-8"?>
<record
    xmlns:xsi="http://www.w3.org/2001/XMLSchema-instance"
    xsi:schemaLocation="http://www.loc.gov/MARC21/slim http://www.loc.gov/standards/marcxml/schema/MARC21slim.xsd"
    xmlns="http://www.loc.gov/MARC21/slim">

  <leader>01612nam a22002417a 4500</leader>
  <controlfield tag="003">OSt</controlfield>
  <controlfield tag="005">20260227165510.0</controlfield>
  <controlfield tag="008">260227b           ||||| |||| 00| 0 spa d</controlfield>
  <datafield tag="020" ind1=" " ind2=" ">
    <subfield code="a">9786287734647</subfield>
  </datafield>
  <datafield tag="040" ind1=" " ind2=" ">
    <subfield code="c">CO-Mq BPB</subfield>
  </datafield>
  <datafield tag="041" ind1=" " ind2=" ">
    <subfield code="a">spa</subfield>
  </datafield>
  <datafield tag="082" ind1=" " ind2=" ">
    <subfield code="a">JN</subfield>
    <subfield code="b">HIRg</subfield>
  </datafield>
  <datafield tag="100" ind1=" " ind2=" ">
    <subfield code="a">Hirsch, Alex</subfield>
    <subfield code="e">autor</subfield>
  </datafield>
  <datafield tag="245" ind1=" " ind2=" ">
    <subfield code="a">Gravity Falls;</subfield>
    <subfield code="b">Diario 3</subfield>
  </datafield>
  <datafield tag="264" ind1=" " ind2=" ">
    <subfield code="a">Bogot&#xE1;;</subfield>
    <subfield code="b">Panamericana,</subfield>
    <subfield code="c">2024</subfield>
  </datafield>
  <datafield tag="300" ind1=" " ind2=" ">
    <subfield code="a">288 p&#xE1;ginas;</subfield>
    <subfield code="b">Tapa dura, ilustraciones a color y blanco y negro</subfield>
    <subfield code="c">25 cm</subfield>
  </datafield>
  <datafield tag="521" ind1=" " ind2=" ">
    <subfield code="a">Este libro es presentado como el tercer diario del Autor dentro del mundo de Gravity Falls, el tranquilo (y no tan tranquilo) pueblo lleno de misterio y criaturas extra&#xF1;as. En sus p&#xE1;ginas encontrar&#xE1;s:

Secretos nunca antes revelados sobre criaturas, eventos y lugares misteriosos.

Informaci&#xF3;n sobre la historia de Ford, uno de los personajes m&#xE1;s enigm&#xE1;ticos de la serie.

Pistas sobre el paradero de Blendin Blandin y otros misterios dimensionales.

Detalles sobre la Dimensi&#xF3;n 52 y c&#xF3;mo &#x201C;atrapar un cuadritorrinco&#x201D; (una de las m&#xFA;ltiples criaturas extra&#xF1;as del pueblo).

El estilo del libro mezcla humor, an&#xE9;cdotas del universo de la serie y datos &#x201C;de investigaci&#xF3;n&#x201D; como si fueras t&#xFA; mismo quien recorre los pasadizos ocultos de Gravity Falls. Est&#xE1; lleno de ilustraciones, notas manuscritas y elementos visuales que recrean la sensaci&#xF3;n de leer un diario real dentro del mundo fant&#xE1;stico creado por Alex Hirsch.</subfield>
  </datafield>
  <datafield tag="650" ind1=" " ind2=" ">
    <subfield code="a">Misterio</subfield>
  </datafield>
  <datafield tag="650" ind1=" " ind2=" ">
    <subfield code="a">Aventuras</subfield>
  </datafield>
  <datafield tag="650" ind1=" " ind2=" ">
    <subfield code="a">Curiosidades del universo</subfield>
  </datafield>
  <datafield tag="700" ind1=" " ind2=" ">
    <subfield code="a">Gonz&#xE1;lez Saravia Pe&#xF1;a, Ana Sofia</subfield>
    <subfield code="e">traductora</subfield>
  </datafield>
  <datafield tag="942" ind1=" " ind2=" ">
    <subfield code="2">ddc</subfield>
    <subfield code="c">BKLIT</subfield>
  </datafield>
  <datafield tag="999" ind1=" " ind2=" ">
    <subfield code="c">16136</subfield>
    <subfield code="d">16136</subfield>
  </datafield>
  <datafield tag="952" ind1=" " ind2=" ">
    <subfield code="0">0</subfield>
    <subfield code="1">0</subfield>
    <subfield code="2">ddc</subfield>
    <subfield code="4">0</subfield>
    <subfield code="7">0</subfield>
    <subfield code="8">LJ</subfield>
    <subfield code="a">BPMOS</subfield>
    <subfield code="b">BPMOS</subfield>
    <subfield code="c">FIC</subfield>
    <subfield code="d">2026-02-27</subfield>
    <subfield code="e">Compra 2025</subfield>
    <subfield code="i">NT</subfield>
    <subfield code="l">0</subfield>
    <subfield code="o">JN HIRg</subfield>
    <subfield code="p">MOS504667</subfield>
    <subfield code="r">2026-02-27</subfield>
    <subfield code="t">Ej.1</subfield>
    <subfield code="w">2026-02-27</subfield>
    <subfield code="y">BKLIT</subfield>
    <subfield code="z">Quince dias</subfield>
  </datafield>
  <datafield tag="952" ind1=" " ind2=" ">
    <subfield code="0">0</subfield>
    <subfield code="1">0</subfield>
    <subfield code="2">ddc</subfield>
    <subfield code="4">0</subfield>
    <subfield code="7">0</subfield>
    <subfield code="8">LJ</subfield>
    <subfield code="a">BPMOS</subfield>
    <subfield code="b">BPMOS</subfield>
    <subfield code="c">FIC</subfield>
    <subfield code="d">2026-02-27</subfield>
    <subfield code="e">Compra 2025</subfield>
    <subfield code="i">NT</subfield>
    <subfield code="l">1</subfield>
    <subfield code="o">JN HIRg</subfield>
    <subfield code="p">MOS504668</subfield>
    <subfield code="q">2026-06-23</subfield>
    <subfield code="r">2026-06-05</subfield>
    <subfield code="s">2026-06-05</subfield>
    <subfield code="t">Ej.2</subfield>
    <subfield code="w">2026-02-27</subfield>
    <subfield code="y">BKLIT</subfield>
    <subfield code="z">Quince dias</subfield>
  </datafield>
</record>
